000 00242nam a2200097Ia 4500
001 652652
005 20250826154442.0
008 250824s9999 xx 000 0 und d
245 0 _aRUBY ROGERS BU HİÇ ADİL DEĞİL
_cSUE LİMB
260 _bALTIN
999 _c652652
_d652652